[Event "Milan Sport&Cultura op"]
[Site "Milan"]
[Date "2010.02.14"]
[Round "4"]
[White "Gussoni, Paolo"]
[Black "Chinnici, Giorgio"]
[Result "1/2-1/2"]
[WhiteElo "1626"]
[BlackElo "1719"]
[PlyCount "50"]
[EventDate "2010.02.12"]
[EventType "swiss"]
[EventRounds "5"]
[EventCountry "ITA"]
[SourceTitle "EXT 2011"]
[Source "ChessBase"]
[SourceDate "2010.11.26"]
[SourceVersion "1"]
[SourceVersionDate "2010.11.26"]
[SourceQuality "1"]

1. d4 d5 2. Bf4 Bf5 3. e3 Nf6 4. Nf3 e6 5. Nbd2 Bd6 6. Bg5 Nbd7 7. c4 c6 8. Be2 0-0 9. 0-0 h6 10. Bh4 Re8 11. c5 Bc7 12. b4 e5 13. dxe5 Nxe5 14. Nd4 Bh7 15. N2f3 Nxf3+ 16. Nxf3 g5 17. Bg3 Bxg3 18. hxg3 Ne4 19. Bd3 Qe7 20. Nd4 f5 21. Bxe4 fxe4 22. a3 Rf8 23. Qg4 Rf6 24. Qe2 Qe5 25. a4 Raf8 1/2-1/2

[Event "Milan Sport&Cultura op"]
[Site "Milan"]
[Date "2010.02.13"]
[Round "3"]
[White "Chinnici, Giorgio"]
[Black "Cannetta, Stefano"]
[Result "1/2-1/2"]
[WhiteElo "1719"]
[BlackElo "1616"]
[PlyCount "44"]
[EventDate "2010.02.12"]
[EventType "swiss"]
[EventRounds "5"]
[EventCountry "ITA"]
[SourceTitle "EXT 2011"]
[Source "ChessBase"]
[SourceDate "2010.11.26"]
[SourceVersion "1"]
[SourceVersionDate "2010.11.26"]
[SourceQuality "1"]

1. e4 Nf6 2. Nc3 d5 3. d4 dxe4 4. f3 exf3 5. Nxf3 Bg4 6. h3 Bh5 7. g4 Bg6 8. Ne5 e6 9. Bg5 Be7 10. Bg2 c6 11. Qd2 Nbd7 12. Nxg6 hxg6 13. 0-0-0 Qa5 14. Rhe1 0-0-0 15. Kb1 Qb6 16. Ka1 Bb4 17. a3 Qa5 18. Bxf6 gxf6 19. Re3 Nb6 20. Qe2 Bxc3 21. Rxc3 Nd5 22. Rc5 Qc7 1/2-1/2

[Event "Gorgonzola op-B 12th"]
[Site "Gorgonzola"]
[Date "2007.11.11"]
[Round "3"]
[White "Chinnici, Giorgio"]
[Black "Quagliarella, Sabino Remo"]
[Result "0-1"]
[WhiteElo "1770"]
[BlackElo "1950"]
[PlyCount "46"]
[EventDate "2007.11.10"]
[EventType "swiss"]
[EventRounds "6"]
[EventCountry "ITA"]
[SourceTitle "EXT 2010"]
[Source "ChessBase"]
[SourceDate "2010.11.25"]
[SourceVersion "1"]
[SourceVersionDate "2010.11.25"]
[SourceQuality "1"]

1. e4 g6 2. d4 Bg7 3. Nf3 d5 4. e5 c5 5. c3 Nc6 6. Bf4 Qb6 7. Qd2 cxd4 8. cxd4 Bg4 9. Be3 e6 10. Be2 Nge7 11. Nc3 0-0 12. Nh4 Bxe2 13. Nxe2 Rac8 14. a3 Na5 15. Rb1 Nc4 16. Qb4 Qxb4+ 17. axb4 Nxe3 18. fxe3 Bh6 19. Kf2 f6 20. g3 fxe5+ 21. Kg2 Rc2 22. Rhe1 Bxe3 23. Nf3 e4 0-1

[Event "Milan Citta op-A"]
[Site "Milan"]
[Date "2007.05.20"]
[Round "5"]
[White "Chinnici, Giorgio"]
[Black "Rossi, Giampiero"]
[Result "1/2-1/2"]
[WhiteElo "1727"]
[BlackElo "2010"]
[PlyCount "79"]
[EventDate "2007.05.18"]
[EventType "swiss"]
[EventRounds "5"]
[EventCountry "ITA"]
[SourceTitle "EXT 2010"]
[Source "ChessBase"]
[SourceDate "2010.11.25"]
[SourceVersion "1"]
[SourceVersionDate "2010.11.25"]
[SourceQuality "1"]

1. e4 c5 2. Nc3 e6 3. Bc4 a6 4. a4 Nc6 5. f4 g6 6. Nf3 d6 7. 0-0 Bg7 8. d3 Nge7 9. f5 exf5 10. Bg5 0-0 11. Qd2 Kh8 12. Bh6 Bxh6 13. Qxh6 Ng8 14. Qf4 Nb4 15. Ng5 Qf6 16. Rf3 h6 17. Nxf7+ Rxf7 18. Bxf7 Qxf7 19. Qxd6 Nxc2 20. Raf1 Nd4 21. Rg3 Be6 22. Qxc5 Rd8 23. exf5 Bxf5 24. Re3 Qd7 25. Ne4 Qd5 26. Qxd5 Rxd5 27. g4 Bxe4 28. dxe4 Rg5 29. h3 Re5 30. Rf8 Kg7 31. Rd8 Nc6 32. Rd7+ Re7 33. Rxe7+ Ngxe7 34. Rb3 Nd8 35. Kf2 a5 36. Ke3 Nec6 37. Rd3 Kf7 38. Rd6 Kg7 39. Kf4 g5+ 40. Ke3 1/2-1/2